Cautama the Buddha : (Record no. 37816)

MARC details
000 -LEADER
fixed length control field 00709nam a22002057a 4500
005 - DATE AND TIME OF LATEST TRANSACTION
control field 20100727100217.0
010 ## - LCCN (DPL NO)
LC control number ENG-96934
020 ## - INTERNATIONAL STANDARD BOOK NUMBER
International Standard Book Number 9788184420166
Terms of availability 350.00
035 ## - SYSTEM CONTROL NUMBER
System control number EN-80467
037 ## - SOURCE OF ACQUISITION
Source of stock number/acquisition DBAD/PUB
082 ## - DEWEY DECIMAL CLASSIFICATION NUMBER
Classification number 250
100 ## - MAIN ENTRY--PERSONAL NAME
Personal name Akshya Kumari Devi
245 ## - TITLE STATEMENT
Title Cautama the Buddha :
Remainder of title his life and his religion /
Statement of responsibility, etc by Akshya Kumari Devi
260 ## - PUBLICATION, DISTRIBUTION, ETC. (IMPRINT)
Place of publication, distribution, etc New Delhi
Name of publisher, distributor, etc Universal Voice
Date of publication, distribution, etc 2010
270 ## - ADDRESS
Address GF-6, prakash Deep Building, 4735/22 AnsariRoad, Darya Ganj
City New Delhi
Postal code 110002
300 ## - PHYSICAL DESCRIPTION
Extent 168 p.
Dimensions 24cm (Pbk)
500 ## - GENERAL NOTE
General note Includes index
942 ## - ADDED ENTRY ELEMENTS (KOHA)
Source of classification or shelving scheme Dewey Decimal Classification
Item type English Books
Classification part 250
Call number suffix AKS
Holdings
Withdrawn status Lost status Not for loan Home library Current library Date acquired Cost, normal purchase price Full call number Barcode Copy number Cost, replacement price Koha item type
    Not For Loan D.B.Act.Division D.B.Act.Division 27/07/2010 350.00 250 AKS EN-80467 1 350.00 English Books

© Delhi Public Library
Hit Counter
free hit counter